000 01029nam a22003377a 4500
001 BR0905990
003 BR-BrBNA
005 20230928103126.0
007 ta
008 230509b bl.||||| |||| 00| 0 por d
040 _aBR-BrBNA
_bpor
_cBiblioteca Nacional de Agricultura
041 _a(Por)
072 _aL53
_b5240
090 _ 5240 BR0905990
100 1 _aGomes, M.G.T.
110 1 _aUniversidade Federal de Minas Gerais, Belo Horizonte (Brasil). Escola de Veterinária
_0Tese (Mestre em Medicina Veterinária)
245 1 _aAlguns aspectos do puerpério em ovelhas da raça Santa Inês
260 3 _aBelo Horizonte, MG (Brasil):
_c2007.
300 _a82 p.
500 _aSummaries (Eng, Por); Bibliography p. 60-64; 17 tables; 25 illus.
650 _aOVELHA
650 _aRAÇA
650 _aREPRODUÇÃO ANIMAL
650 _aPESO
650 _aÚTERO
650 _aPROGESTERONA
650 _aCRIAÇÃO
650 _aANÁLISE DE LABORATÓRIO
909 _a202309
_bLucia
_c55
_dLucia Elande
942 _cBK
999 _c73824
_d73824